|
|
|
|
| LEADER |
000000am a2200000 a 4500 |
| 001 |
19112 |
| 005 |
20230308175651.0 |
| 008 |
983020|1982 ||||||||r|||||||||||spa|| |
| 020 |
|
|
|a 950 06 1510 X
|
| 040 |
|
|
|b spa
|
| 041 |
a |
|
|a es
|
| 082 |
0 |
|
|a 618.1
|
| 100 |
|
|
|a Woodruff, J. Donald
|9 84492
|
| 245 |
1 |
1 |
|a Novak patología ginecológica y obstétrica
|c Edmund R. Novak, J. Donald Woodruff
|h imp
|
| 250 |
|
|
|a 8 ed.
|
| 264 |
|
|
|a Buenos Aires
|b Médica Panamericana
|c 1982
|
| 300 |
|
|
|a 800 páginas:
|b ilus.
|
| 504 |
|
|
|a incl. ref.
|
| 650 |
1 |
|
|a Obstetricia
|9 81569
|
| 650 |
1 |
0 |
|a Ginecología
|9 86503
|
| 650 |
1 |
4 |
|a Patologías
|9 3578
|
| 700 |
1 |
|
|a Traducción de Daniel Lander
|9 84493
|
| 852 |
|
|
|a UC-SALUD
|f Donación
|k mariana.feican
|l 1
|m General
|p 19830207
|q S/. 3.933
|t 19112
|b 0
|d CDRS
|e CDRS
|g 618.1
|z 1983-30-20
|
| 942 |
|
|
|c BK
|
| 999 |
|
|
|c 50661
|d 50661
|